Departements par numéros - Statistiques

Statistiques générales
  • Ce quiz a été pris 175 fois
  • Le résultat moyen est 51 sur 101
Statistiques - réponses
Hint Réponse % Correct
01 Ain
96%
02 Aisne
89%
03 Allier
77%
10 Aube
75%
13 Bouches-du-rhône
73%
11 Aude
72%
06 Alpes-Maritimes
71%
07 Ardèche
71%
05 Hautes-Alpes
71%
09 Ariège
70%
2B Haute Corse
68%
2A Corse du sud
66%
42 Loire
66%
75 Paris
65%
04 Alpes-de-haute Provence
62%
12 Aveyron
62%
14 Calvados
62%
16 Charente
62%
59 Nord
62%
08 Ardennes
61%
15 Cantal
59%
29 Finistère
59%
17 Charente-Maritime
58%
21 Cote d'Or
58%
25 Doubs
58%
69 Rhône
58%
23 Creuse
56%
41 Loir-et-Cher
56%
18 Cher
54%
19 Corrèze
54%
22 Cote d'Armor
54%
33 Gironde
54%
56 Morbihan
54%
62 Pas-de-Calais
54%
45 Loiret
53%
93 Seine-Saint-Denis
53%
30 Gard
52%
24 Dordogne
51%
32 Gers
51%
36 Indre
51%
38 Isère
51%
27 Eure
49%
31 Haute-Garonne
49%
68 Haut-Rhin
49%
34 Hérault
49%
44 Loire-Atlantique
49%
67 Bas-Rhin
48%
26 Drôme
48%
28 Eure-et-Loire
48%
35 Ille-et-Vilaine
48%
37 Indre-et-loire
48%
39 Jura
48%
51 Marne
48%
973 Guyane
47%
74 Haute-Savoie
47%
54 Meurthe-et-Moselle
47%
60 Oise
47%
73 Savoie
47%
77 Seine-et-Marne
47%
83 Var
47%
78 Yvelines
47%
974 La réunion
46%
57 Moselle
46%
972 Martinique
44%
80 Somme
44%
971 Guadeloupe
43%
64 Pyrénées-Atlantiques
43%
76 Seine-Maritime
43%
46 Lot
42%
55 Meuse
42%
52 Haute-Marne
41%
40 Landes
41%
47 Lot-et-Garonne
41%
50 Manche
41%
66 Pyrénées-Orientales
41%
72 Sarthe
41%
92 Hauts-de-Seine
39%
48 Lozère
39%
976 Mayotte
39%
63 Puy-de-Dôme
39%
85 Vendée
39%
86 Vienne
39%
43 Haute-Loire
38%
65 Hautes-Pyrénées
38%
53 Mayenne
38%
90 Territoire-de-Belfort
38%
94 Val-de-Marne
38%
58 Nièvre
37%
81 Tarn
37%
82 Tarn-et-Garonne
37%
84 Vaucluse
37%
91 Essonne
35%
49 Maine-et-Loire
35%
61 Orne
35%
95 Val-d'Oise
35%
79 Deux-Sèvres
34%
87 Haute-Vienne
34%
71 Saône-et-Loire
34%
88 Vosges
33%
89 Yonne
32%
70 Haute-Saône
29%
Aucun quiz correspondant
Distribution des résultats
% des personnes avec chaque résultat
Percentile par nombre de réponses
Votre historique - résultats
Vous n’avez pas pris ce quiz